| 000 | 00419nam a22001457a 4500 | ||
|---|---|---|---|
| 005 | 20180818143441.0 | ||
| 010 | _aA-712997 | ||
| 035 | _aA-712997 | ||
| 037 | _bBPPD/PUB | ||
| 100 | _aSharma, Shanker Dayal | ||
| 245 |
_aEminent indians / _cby Shanker Dayal Sharma |
||
| 260 |
_aNew Delhi _bSterling publishers private limited _c1990 |
||
| 300 |
_a106p. _c20 cm (Hb) |
||
| 942 |
_2ddc _cEN _h080 _mSHA |
||
| 999 |
_c156035 _d156035 |
||